000 00313nam a22001337a 4500
008 181203b xxu||||| |||| 00| 0 eng d
020 _a9780673523860
041 _aeng
080 _24th
_a371
100 _a46
101 _aEDU
245 _aReading Faster and Understanding more
_cMiller,W.M
942 _2udc
_cBK
999 _c52710
_d52710